Půjde to smazat, mami? /
Varující román české prozaičky a psycholožky upozorňuje na nebezpečí sociálních sítí.
Uloženo v:
| Hlavní autor: | |
|---|---|
| Médium: | Kniha |
| Jazyk: | Czech |
| Vydáno: |
Praha :
George Publishing,
2026
|
| Vydání: | 1. vydání |
| Témata: | |
| Celkem bylo vypůjčeno: | 0x |
| Tagy: |
Žádné tagy |
| LEADER | 01791nam a2200361 i 4500 | ||
|---|---|---|---|
| 001 | 106456 | ||
| 003 | CZ PrNK | ||
| 005 | 20260603103314.0 | ||
| 007 | ta | ||
| 008 | 260421s2026 xr g 000 f cze | ||
| 015 | |a cnb003746756 | ||
| 020 | |a 9788053022675 |q (vázáno) | ||
| 040 | |a ABG001 |b cze |e rda | ||
| 072 | 7 | |a 821.162.3-3 |x Česká próza |2 Konspekt |9 25 | |
| 080 | |a 821.162.3-31 |2 MRF | ||
| 080 | |a (0:82-31) |2 MRF | ||
| 100 | 1 | |a Vášová, Eva, |d 1990- |7 xx0331803 |4 aut |9 117409 | |
| 245 | 1 | 0 | |a Půjde to smazat, mami? / |c Eva Vášová |
| 250 | |a 1. vydání | ||
| 264 | 1 | |a Praha : |b George Publishing, |c 2026 | |
| 300 | |a 239 stran ; |c 22 cm | ||
| 336 | |a text |b txt |2 rdacontent | ||
| 337 | |a bez média |b n |2 rdamedia | ||
| 338 | |a svazek |b nc |2 rdacarrier | ||
| 504 | |a Obsahuje bibliografii | ||
| 520 | 2 | |a Varující román české prozaičky a psycholožky upozorňuje na nebezpečí sociálních sítí. |b Narozeniny, dovolená, první krůčky... Sdílení střípků štěstí vašich dětí je radost. Jenže internet se nedívá jen očima přátel. Přesně tak žije Lucie Urbanová, influencerka, jejíž profil se díky sledujícím mění v silný online příběh. Forenzní psycholožka Eva Vášová v novém románu odkrývá mrazivou realitu sharentingu, kde se tyto snímky stávají kořistí. Šokující a bolestně pravdivé téma, před kterým už nesmíme zavírat oči. Nakladatelská anotace. | |
| 655 | 7 | |a české romány |7 fd133974 |2 czenas |9 54031 | |
| 655 | 9 | |a Czech fiction |2 eczenas | |
| 710 | 2 | |a George Publishing (nakladatelství) |7 xx0342153 |4 pbl |9 117369 | |
| 910 | |a UOG502 | ||
| 942 | |2 ddc |c KN | ||
| 999 | |d 106456 | ||
| 993 | |0 0 |1 421180107173 |2 ddc |4 0 |7 0 |9 99892 |b 0 |c 107173 |d 2026-06-03 |e 0 |f DOSP |h 449.00 |i Koupě |l DOSP |r 2026-06-03 |t 6 |w 2026-06-03 |y KN |z BELET |n | ||